MARC details
| 000 -CABECERA |
| campo de control de longitud fija |
02806nam a2200385 a 4500 |
| 003 - IDENTIFICADOR DEL NÚMERO DE CONTROL |
| campo de control |
CHAP |
| 005 - FECHA Y HORA DE LA ÚLTIMA TRANSACCIÓN |
| campo de control |
20230512181828.0 |
| 007 - CAMPO FIJO DE DESCRIPCIÓN FÍSICA--INFORMACIÓN GENERAL |
| campo de control de longitud fija |
ta |
| 008 - DATOS DE LONGITUD FIJA--INFORMACIÓN GENERAL |
| campo de control de longitud fija |
230512s2016 ck adbofr|||| 001 0 spa d |
| 020 ## - NÚMERO INTERNACIONAL ESTÁNDAR DEL LIBRO |
| Número Internacional Estándar del Libro |
978-958-771-342-8 |
| 040 ## - FUENTE DE LA CATALOGACIÓN |
| Centro catalogador/agencia de origen |
mxchpua |
| Centro/agencia transcriptor |
CHAP |
| Normas de descripción |
rda |
| 050 10 - SIGNATURA TOPOGRÁFICA DE LA BIBLIOTECA DEL CONGRESO |
| Número de clasificación |
T60.6 |
| Número de documento/Ítem |
.P35 2016 |
| 082 00 - NÚMERO DE LA CLASIFICACIÓN DECIMAL DEWEY |
| Número de clasificación |
658.542 |
| Número de documento/Ítem |
P35 2016 |
| Número de edición |
20 |
| 100 1# - ENTRADA PRINCIPAL--NOMBRE DE PERSONA |
| 9 (RLIN) |
187003 |
| Nombre de persona |
Palacios Acero, Luis Carlos |
| Término indicativo de función/relación |
autor |
| 245 10 - MENCIÓN DE TÍTULO |
| Título |
Ingeniería de métodos, movimientos y tiempos / |
| Mención de responsabilidad, etc. |
Luis Carlos Palacios Acero |
| 250 ## - MENCIÓN DE EDICIÓN |
| Mención de edición |
2a edición |
| 264 ## - PRODUCCIÓN, PUBLICACIÓN, DISTRIBUCIÓN, FABRICACIÓN Y COPYRIGHT |
| Producción, publicación, distribución, fabricación y copyright |
Bogotá, Colombia : |
| Nombre del de productor, editor, distribuidor, fabricante |
ECOE Ediciones, |
| Fecha de producción, publicación, distribución, fabricación o copyright |
2016 |
| 300 ## - DESCRIPCIÓN FÍSICA |
| Extensión |
371 páginas : |
| Otras características físicas |
ilustraciones, tablas, gráficas, diagramas, mapas, fotos |
| 336 ## - TIPO DE CONTENIDO |
| Fuente |
rdacontent |
| Término de tipo de contenido |
texto |
| Código de tipo de contenido |
txt |
| 337 ## - TIPO DE MEDIO |
| Fuente |
rdamedia |
| Nombre/término del tipo de medio |
sin medio |
| Código del tipo de medio |
n |
| 338 ## - TIPO DE SOPORTE |
| Fuente |
rdacarrier |
| Nombre/término del tipo de soporte |
volumen |
| Código del tipo de soporte |
nc |
| 490 1# - MENCIÓN DE SERIE |
| Mención de serie |
Ingeniería y salud en el trabajo. Ingeniería Industrial (ECOE Ediciones) |
| 504 ## - NOTA DE BIBLIOGRAFÍA, ETC. |
| Nota de bibliografía, etc. |
Bibliografía: páginas 369-370 |
| 520 2# - SUMARIO, ETC. |
| Sumario, etc. |
En todo centro de trabajo, mejorar el rendimiento de los procesos para incrementar la productividad y eficiencia es una constante. Sin embargo, variables relacionadas con el equipo humano, la fabricación de productos, el clima organizacional, las instalaciones y las tecnologías utilizadas pueden afectar los procesos y, por ello, reducir los resultados esperados. Descubrir estas fuentes de ineficiencias y desperdicios con el fin de corregirlos, estandarizarlos y medirlos para contribuir al progreso empresarial es el objetivo de la ingeniería de métodos, movimientos y tiempos. Esta nueva edición consta de nueve capítulos en los que se ofrece, por medio de un lenguaje sencillo y varios apoyos visuales, un resumen histórico de la ingeniería de métodos, los métodos de producción, las herramientas técnicas para fabricar objetos, el emplazamiento de empresas, la distribución en planta, los movimientos ergonómicos adecuados en el sitio de trabajo, la medida estándar del trabajo y la administración de la ingeniería de métodos. Cada capítulo cuenta con ejercicios, talleres y casos sobre el tema. Ingeniería de métodos, movimientos y tiempos es un texto de referencia útil para estudiantes, docentes y profesionales de Ingeniería Industrial y Administración de Empresas, así como para gerentes, directores de producción y consultores interesados en rendimiento empresarial. |
| 650 13 - PUNTO DE ACCESO ADICIONAL DE MATERIA--TÉRMINO DE MATERIA |
| 9 (RLIN) |
38503 |
| Término de materia o nombre geográfico como elemento de entrada |
Estudio de movimiento |
| 650 13 - PUNTO DE ACCESO ADICIONAL DE MATERIA--TÉRMINO DE MATERIA |
| 9 (RLIN) |
38504 |
| Término de materia o nombre geográfico como elemento de entrada |
Estudio de tiempos |
| 650 13 - PUNTO DE ACCESO ADICIONAL DE MATERIA--TÉRMINO DE MATERIA |
| 9 (RLIN) |
58257 |
| Término de materia o nombre geográfico como elemento de entrada |
Ingeniería industrial |
| 650 13 - PUNTO DE ACCESO ADICIONAL DE MATERIA--TÉRMINO DE MATERIA |
| 9 (RLIN) |
154736 |
| Término de materia o nombre geográfico como elemento de entrada |
Salarios y remuneración |
| 650 13 - PUNTO DE ACCESO ADICIONAL DE MATERIA--TÉRMINO DE MATERIA |
| 9 (RLIN) |
147129 |
| Término de materia o nombre geográfico como elemento de entrada |
Motion study |
| 650 13 - PUNTO DE ACCESO ADICIONAL DE MATERIA--TÉRMINO DE MATERIA |
| 9 (RLIN) |
147130 |
| Término de materia o nombre geográfico como elemento de entrada |
Time study |
| 650 13 - PUNTO DE ACCESO ADICIONAL DE MATERIA--TÉRMINO DE MATERIA |
| 9 (RLIN) |
153161 |
| Término de materia o nombre geográfico como elemento de entrada |
Industrial engineering |
| 650 13 - PUNTO DE ACCESO ADICIONAL DE MATERIA--TÉRMINO DE MATERIA |
| 9 (RLIN) |
154737 |
| Término de materia o nombre geográfico como elemento de entrada |
Wages and remuneration |
| 830 ## - PUNTO DE ACCESO ADICIONAL DE SERIE-TÍTULO UNIFORME |
| 9 (RLIN) |
187004 |
| Título uniforme |
Ingeniería y salud en el trabajo. Ingeniería Industrial (ECOE Ediciones) |
| 942 ## - ELEMENTOS DE PUNTO DE ACCESO ADICIONAL (KOHA) |
| Fuente del sistema de clasificación o colocación |
Dewey Decimal Classification |
| Tipo de ítem Koha |
|